书目信息 |
| 题名: |
环境的空间连续变异与精准农业
|
|
| 作者: | 谢高地 , 陈沈斌 著 | |
| 分册: | ||
| 出版信息: | 北京 气象出版社 2005.07 |
|
| 页数: | 238页 | |
| 开本: | 26cm | |
| 丛书名: | ||
| 单 册: | ||
| 中图分类: | F303.2 | |
| 科图分类: | ||
| 主题词: | 信息技术--xin xi ji shu--应用--农业 | |
| 电子资源: | ||
| ISBN: | 978-7-5029-3902-1 | |
| 000 | 01191nam0 2200265 450 | |
| 001 | 012007156156 | |
| 005 | 20070929092524.34 | |
| 010 | @a978-7-5029-3902-1@dCNY48.00 | |
| 100 | @a20070726d2005 km y0chiy0120 ea | |
| 101 | 0 | @achi |
| 102 | @aCN@b110000 | |
| 105 | @aa a 000yy | |
| 200 | 1 | @a环境的空间连续变异与精准农业@Ahuan jing de kong jian lian xu bian yi yu jing zhun nong ye@d= Spatial variability of environment and precision agriculture@f谢高地, 陈沈斌等著@Fxie gao di,chen shen bin deng zhu@zeng |
| 210 | @a北京@c气象出版社@d2005.07 | |
| 215 | @a238页@c图@d26cm | |
| 300 | @a中国科学院知识创新工程项目资助 | |
| 320 | @a有书目。 | |
| 330 | @a本书主要阐明和探讨:小空间尺度资源环境信息采集、各要素关系及变量精准管理作业图制作原理,空间信息采样设计及分析的数学原理、方法,精准管理的地理信息系统、专家系统、智能测产系统、空间信息处理集成系统和精准管理的环境与经济效应进行了深入细致的探讨。 | |
| 510 | 1 | @aSpatial variability of environment and precision agriculture@zeng |
| 606 | 0 | @a信息技术@Axin xi ji shu@x应用@x农业 |
| 690 | @aF303.2@v4 | |
| 701 | 0 | @a谢高地@Axie gao di@4著 |
| 701 | 0 | @a陈沈斌@Achen shen bin@4著 |
| 801 | 0 | @aCN@c20070929 |
| 905 | @dF303.2@eX430 | |
| 环境的空间连续变异与精准农业= Spatial variability of environment and precision agriculture/谢高地, 陈沈斌等著.-北京:气象出版社,2005.07 |
| 238页:图;26cm |
| 中国科学院知识创新工程项目资助 |
| ISBN 978-7-5029-3902-1:CNY48.00 |
| 本书主要阐明和探讨:小空间尺度资源环境信息采集、各要素关系及变量精准管理作业图制作原理,空间信息采样设计及分析的数学原理、方法,精准管理的地理信息系统、专家系统、智能测产系统、空间信息处理集成系统和精准管理的环境与经济效应进行了深入细致的探讨。 |
| ● |
| 相关链接 |
|
|
|
正题名:环境的空间连续变异与精准农业
索取号:F303.2/X430
 
预约/预借
| 序号 | 登录号 | 条形码 | 馆藏地/架位号 | 状态 | 备注 |
| 1 | 249444 | 202494443 | 社科库409/409社科库 32排5列5层/ [索取号:F303.2/X430] | 在馆 | |
| 2 | 249445 | 202494452 | 社科库409/409社科库 51排6列2层/ [索取号:F303.2/X430] | 在馆 |